| 000 | 01833nam a2200385 c 4500 | ||
|---|---|---|---|
| 003 | BLK | ||
| 005 | 20180420222218.0 | ||
| 008 | 180408b bul|||||r ||||||| ||bul|| | ||
| 010 | _aKNG00056049000 | ||
| 020 |
_a954-9835-30-8 _bиздат.: Хайни |
||
| 040 | _aBLK | ||
| 041 |
_aBUL _cBUL |
||
| 080 |
_aЕстетика. Философия. Вкус. Теория на музиката. Вж и 534.3;781 _b78.01 _x _z78.01 |
||
| 080 |
_aМузикални форми. Музикален анализ. _b78.08 _x _z78.08 |
||
| 080 |
_aМузикални форми. Видове музикални произведения _b781.5 _x _z781.5 |
||
| 100 | 1 |
_aКърклисийски, Томи Николов _eпърви автор _9284227 |
|
| 139 |
_aКърклисийски, Томи Николов _bК 97 |
||
| 245 | 1 | 0 |
_aОт фантазия към форма в музиката _bПроблеми на муз.-жанровия анализ _cТоми Николов Кърклисийски. |
| 257 | _aBGR | ||
| 260 |
_аСофия _bХайни _c2004 _fСофия : Вулкан |
||
| 300 |
_a264 с. _bс ил., табл., ноти _c21 см _e1 аудио CD |
||
| 380 | _a7 | ||
| 500 | _aКн. е със CD със сигн. Цб CD 848. - Кн. е изд. с конкурс на Нац. фонд култура | ||
| 650 | 4 |
_aЕстетика, музикална _9246673 |
|
| 650 | 4 |
_aМузикални форми - учебни помагала _9257574 |
|
| 650 | 4 |
_aМузика - композиция - общи въпроси _9284228 |
|
| 653 | _aмузикална естетика | ||
| 653 | _aмузикални форми | ||
| 653 | _aмузикален анализ | ||
| 852 | _aЦб 225163 | ||
| 856 | 4 |
_qpdf _u |
|
| 856 | 4 |
_qpdf _u |
|
| 942 |
_cKNG _n0 |
||
| 944 |
_aCR _c19.10.2005 _kИрена_Линкова |
||
| 944 |
_aED _c27.08.2011 _k |
||
| 999 |
_c52132 _d52132 |
||